01298nam a22001217a 4500041000800000080000700008100003200015245010700047260003100154300000700185520096400192650002001156 aukr a09 aГрибінчик, К. О. aСемантико-прагматичні особливості англомовних загадок aОстрогbКАФc2014 a87 aВступ. Розділ І. Особливості семантичного та прагматичного аспектів аналізу англомовних загадок. 1.1. Структура та семантичні особливості англомовних загадок 1.2. Прагматичний аспект аналізу англомовних загадок Розділ ІІ. Семантичний та прагматичний аналіз англомовних загадок. 2.1. Використання семантичного аспекту для аналізу англомовних загадок 2.2. Використання прагматичного підходу до дослідження англомовних загадок Висновки. Список використаної літератури. Додатки0семантичний аналіз, прагматичний аналіз aResearch Papers